000 00337nam a2200145 i 4500
001 bg
245 0 0 _aSłownik geograficzny świata.
_nT.1,
_pA-M.
250 _aWyd.2.
260 _aWarszawa :
_bWiedza Powszechna,
_c1977.
040 _cBPK
041 _apol
080 _a91
942 _cKS
008 s pl f |000 0 pol
999 _c47167
_d47167
856 _uhttp://koha.tu.koszalin.pl/cgi-bin/koha/opac-detail.pl?biblionumber=47167
_yKatalog online BPK